| 000 | 00669nam a2200229 a 4500 | ||
|---|---|---|---|
| 999 |
_c2331 _d2331 |
||
| 001 | 15783 | ||
| 003 | BD-DhUAP | ||
| 005 | 20200223130447.0 | ||
| 008 | 200223s1999 nyua 001 0 eng d | ||
| 020 | _a9780143029076 | ||
| 040 |
_aBD-DhUAP _cBD-DhUAP _dBD-DhUAP _bEng |
||
| 082 | 0 | 0 |
_a320.9051 ROY _223 |
| 100 | _aRoy, Arundhati. | ||
| 245 |
_aThe Algebra of finite justice / _cArundhati Roy. |
||
| 260 |
_aEngland : _bPenguin books ; _cc2002. |
||
| 300 |
_axxiv, 351 pages ; _c18 cm. |
||
| 500 | _aIncludes index. | ||
| 650 |
_aPolitical situation and conditions _zEngland. |
||
| 942 |
_2ddc _cBK |
||